Geography containing RA-RZ - Statistics

General Stats
  • This quiz has been taken 5 times
  • The average score is 9 of 26
Answer Stats
Contains: Clue Answer % Correct
RD French city famous for its red and white (8) Bordeaux
75%
RF War-torn region of Sudan (6) Darfur
75%
RI Island nation in the Pacific (8) Kiribati
75%
RA Sandy area in Africa (12 letters) Sahara Desert
75%
RQ The main city in a certain U.S. state (11) Albuquerque
50%
RC Spanish city where real bacon is served (9) Barcelona
50%
RN City where a nobler emu could be sighted (9) Melbourne
50%
RB Low-quality pub in Caribbean nation (8) Barbados
25%
RM Tropical island of grass (7) Bermuda
25%
RK River flows backwards - where...in this region of Chad (6) Borkou
25%
RY City next to the border in Northern Ireland (5/11) Derry
25%
RW River Dee in Northern Territory (7) Derwent
25%
RH Small county in northern England, and a city name also (6) Durham
25%
RO Station where, in Cameroon, a city is located (6) Garoua
25%
RP Dolly is the key to eastern town of Suriname (8) Lelydorp
25%
RS A smellier mess of a city in France (9) Marseille
25%
RL Clean motor is key for this famous car racing location (10) Monte Carlo
25%
RV Back to an Estonian city on a lake (5) Narva
25%
RU South American valley at village on St. Vincent (12) Peruvian Vale
25%
RE Port in Costa Rica whose name indicates a sandy point (10) Puntarenas
25%
RT Father Christmas and his mother visit a Colombian port (10) Santa Marta
25%
RJ City of the UAE dominated by a former Iranian ruler (7) Sharjah
25%
RR Nigerian city of armed conflict (5) Warri
25%
RX East German village that's a good place to live (8) Erxleben
0%
RZ Explanation of, finally, why there's buzz about this Polish town (6) Orzysz
0%
RG Smooth-sounding Danish town (9) Silkeborg
0%
No matching quizzes found
Score Distribution
Percent of People with Each Score
Percentile by Number Answered
Your Score History
You have not taken this quiz